Migración internacional, remesas e impactos regionales /

En el material del autor, los datos de los últimos 7 a 9 años que presenta el Banco de México dan cuenta del importante monto de recurso en divisas que ingresan a México por el envío de recursos a sus familias de los trabajadores mexicanos que laboran en Estados Unidos. Se plantea que no es un fenóm...

Descrizione completa

Salvato in:
Dettagli Bibliografici
Autore principale: García Zamora, Rodolfo
Natura: testo
Lingua:Spanish
Pubblicazione: México, DF: Casa Abierta al Tiempo. Universidad Autónoma Metropolitana. Universidad Nacional Autónoma de México. Universidad Autónoma de Zacatecas
Soggetti:
Tags: Aggiungi Tag
Nessun Tag, puoi essere il primo ad aggiungerne!!

MARC

LEADER 00000 a a2200000 04500
001 38023
003 cru IIS
005 20230321135024.0
008 230321b |||||||| |||| 00| 0 spa d
020 |a 970-654-805-X  
040 |c CRAI IIS 
090 |a 0001 V648m  
100 1 |a García Zamora, Rodolfo  |9 53 
245 |a Migración internacional, remesas e impactos regionales /  |c Rodolfo García Zamora 
260 |a México, DF:   |b Casa Abierta al Tiempo. Universidad Autónoma Metropolitana. Universidad Nacional Autónoma de México. Universidad Autónoma de Zacatecas  
300 |a 181 p.  
520 |a En el material del autor, los datos de los últimos 7 a 9 años que presenta el Banco de México dan cuenta del importante monto de recurso en divisas que ingresan a México por el envío de recursos a sus familias de los trabajadores mexicanos que laboran en Estados Unidos. Se plantea que no es un fenómeno exclusivo de la relación de México y los Estados Unidos. El autor refiere incluso estudios sobre migraciones de países como Grecia y Turquía, además de los países centroamericanos. Si bien en los casos de los países europeos los estudios se han centrado sobre los impactos de los trabajadores al regresar a su país de origen. En México el problema de las remesas es relevante, más en la dimensión de buscar convertirlas en una fuente de financiamiento para diversos esfuerzos empresariales. El autor estudia algunos casos de programas gubernamentales para apoyar el desarrollo en varios estados de México, contando con recursos públicos y de las remesas. En el campo de la inversión productiva de las remesas es en el que se encuentran los mayores problemas. Es una situación común con la que tienen las empresas medianas y pequeñas, pero también requiere de la ejecución de políticas específicas  
650 |a MIGRACION  
650 |a REMESAS  
650 |a ECONOMIA  
650 |a MEXICO  
773 0 |0 17333  |9 8476  |a Aguilar, Gustavo Adolfo   |d México, DF: Casa Abierta al Tiempo. Universidad Autónoma Metropolitana. Universidad Nacional Autónoma de México. Universidad Autónoma de Zacatecas 2001  |o 00724  |t Mundialización, transnacionalización y subdesarrollo /  |w (cru CIDCAS/IIS)38024  |z 970-654-805-X  
942 |2 ddc  |c LI 
999 |c 12648  |d 12648